Представление документа в формате MARC21

Поле Инд. ПП Название Значение
Тип записи a
Библиографический уровень m
001 Контрольный номер 8aa74a4a-4198-4ff9-9a04-72b61f6e903c
005 Дата корректировки 20210201091423.4
008 Кодируемые данные 950630s1995 rur 00000 rus d
040 a Служба первич. каталог. НБ ТвГУ
041 0_ a Код языка текста rus
080 a Индекс УДК 616.891.4
084 a Индекс другой классификации/Индекс ББК Р645.093
090 a Полочн. индекс 61
x Авторский знак Л 64
100 1_ a Автор Литинский Иосиф Арнольдович
e Роль лиц Автор
245 00 a Заглавие Петербургские болезни
c Ответственность И. А. Литинский
n Номер части/ раздела Сер. 1, вып. 1
p Название части/ раздела Болезнь века - неврастения
260 0_ a Место издания Санкт-Петербург
b Издательство Народная польза
c Дата издания 1903
300 a Объем 57 с.
440 _0 a Серия Петербургские болезни
500 a Примечание Экз. деф.: нет тит. л., нет окончания
653 0_ a Ключевые слова Медицина
a Ключевые слова Болезни
a Ключевые слова Нервные болезни
a Ключевые слова Неврастения
a Ключевые слова Неврозы
856 40 u URL http://texts.lib.tversu.ru/texts/148881ogl.pdf
i Дата подключения ЭОР 20200520
901 t Тип документа m
920 a Оператор Рунт
a Оператор Поля
930 a Новая/Ретро ретро
952 c Вид литературы К рн
954 a Дата поступления на обработку 25.03.98
e Дата перешифровки 20210201